| 000 | 01592aam a2200349 i 4500 | ||
|---|---|---|---|
| 001 | 768714001 | ||
| 003 | CO-MdFUSB | ||
| 005 | 20220506152430.0 | ||
| 007 | ta | ||
| 008 | 160907b xxu||||| |||| 00| 0 eng d | ||
| 020 | _a9781587431371 | ||
| 040 |
_cCO-MdFUSB _dCO-MdFUSB _aCO-MdFUSB _bspa _erda |
||
| 041 | 0 | _aeng | |
| 082 |
_224 _a220.77 _bB827b |
||
| 100 | 1 |
_aCary, Phillip _dautor |
|
| 245 | 0 | 0 |
_aJonah _c/ Philip Cary |
| 264 | 1 |
_aGrand Rapids, Michigan : _bBrazos Press, _c[2008] |
|
| 264 | 4 | _c© 2008 | |
| 300 |
_a187 páginas _c; 24 cm |
||
| 336 |
_2rdacontent _atexto _btxt |
||
| 337 |
_2rdamedia _asin mediación _bn |
||
| 338 |
_2rdacarrier _avolumen _bnc |
||
| 490 | _aBrazos Theological Commentary on the Bible | ||
| 501 | _aPasta dura | ||
| 505 | _aIntroducción: Lectores cristianos de un libro judío -- Texto -- Jonás 1: Jonás se hunde y la nave se salva -- La palabra del Señor, Jonás y los gentiles (1:1-3) -- Al final del juicio ( 1,4-6) -- Descubriendo a Jonás (1,7-10) -- La lógica de la redención (1,11-17) -- Excursus : la señal de Jonás -- Jonás 2: Salmo de Jonás desde las profundidades - - Jonás 3: El arrepentimiento de Nínive -- Jonás llama y Nínive cree (3:1-5) -- El rey y Dios (3:6-10) -- Jonás 4: El arrepentimiento del Señor -- Jonás contiende con el Señor (4:1-4) -- La parábola de la calabaza (4:5-11) -- Epílogo: Jonás, Jacob y el hermano mayor. | ||
| 563 | _aPasta dura | ||
| 630 | 0 | 7 |
_aBiblia. _pJonas |
| 653 | _aBiblia -- Jonas -- Comentarios | ||
| 942 | _cREF | ||
| 945 | _aJTF-925 | ||
| 999 |
_c46922 _d46922 |
||